000 00600nam a2200217Ia 4500
003 OSt
005 20220928135938.0
006 a|||||r|||| 00| 0
007 ta
008 220927b |||||||| |||| 00| 0 eng d
024 _a5596
037 _cTextual
040 _aSDCL
_cSDCL
_beng
041 _2eng
_aeng
082 _aO-,2J64:g(S7), L4
100 _aKhanna Urmilla
_9493271
245 0 _aTragic hero in Shakespeare
_b The dramatic significance of his isolation.
260 _c1974
942 _hO-,2J64:g(S7), L4
_cTEXL
_2CC
999 _c809050
_d809050